Dinge die mit K anfangen (Kenshin Edition) - Statistiken

Allgemein
  • Dieses Quiz wurde 231 mal gespielt
  • Das Durchschnittsergebnis liegt bei 14 aus 16
Antwortstatistiken
Bildquiz Antwort % Korrekt
Kanada
100%
Katze
100%
Kirsche
100%
Kiwi
100%
Kirche
99%
Kaktus
98%
Känguru
98%
Kind
96%
Kristall
95%
Kroatien
95%
Korea
94%
Kasachstan
87%
Kansas
85%
Koi
84%
Kalmar
46%
Kyoto
44%
Keine übereinstimmenden Quizze gefunden
Verteilung der Resultate
Anzahl Personen mit jedem Resultat
Perzentil nach korrekt beantworteten Fragen
Ihre Resultats-Entwicklung
Sie haben dieses Quiz noch nicht gespielt